Catálogo
 En Linea

Obtenga el sí : (Registro nro. 36362)

Detalles MARC
000 -CABECERA
campo de control de longitud fija 00885nam a2200229 a 4500
001 - NÚMERO DE CONTROL
campo de control 000036871
005 - FECHA Y HORA DE LA ÚLTIMA TRANSACCIÓN
campo de control 20200930080005.0
008 - DATOS DE LONGITUD FIJA--INFORMACIÓN GENERAL
campo de control de longitud fija 120202s1987 mx 000 0 spa d
020 ## - NÚMERO INTERNACIONAL ESTÁNDAR DEL LIBRO
Número Internacional Estándar del Libro 9682604907
040 ## - FUENTE DE LA CATALOGACIÓN
Centro catalogador/agencia de origen DO-SdBNP
Lengua de catalogación spa
Centro/agencia transcriptor BNPHU
041 17 - CÓDIGO DE LENGUA
Código de lengua del texto/banda sonora o título independiente spa
Código de lengua original eng
100 1# - ENTRADA PRINCIPAL--NOMBRE DE PERSONA
Nombre de persona Fisher, Roger
9 (RLIN) 63237
245 10 - MENCIÓN DE TÍTULO
Título Obtenga el sí :
Resto del título el arte de negociar sin ceder /
Mención de responsabilidad, etc. Roger Fisher, William Ury ; editor Bruce Patton ; traducido por Gerardo de Alba Guerra.
260 ## - PUBLICACIÓN, DISTRIBUCIÓN, ETC.
Lugar de publicación, distribución, etc. México :
Nombre del editor, distribuidor, etc. Compañía Editorial Continental,
Fecha de publicación, distribución, etc. 1987.
300 ## - DESCRIPCIÓN FÍSICA
Extensión 166 p. ;
Dimensiones 20 cm.
526 0# - NOTA DE INFORMACIÓN SOBRE EL PROGRAMA DE ESTUDIO
Nombre del programa Proyecto de Investigación sobre Negociación de Harvard
534 ## - NOTA SOBRE LA VERSIÓN ORIGINAL
Frase introductoria Tít. original en inglés:
Mención de título del original Getting to yes : negotiating agreement without giving in
650 24 - PUNTO DE ACCESO ADICIONAL DE MATERIA--TÉRMINO DE MATERIA
Término de materia o nombre geográfico como elemento de entrada Negociación
9 (RLIN) 63238
700 1# - PUNTO DE ACCESO ADICIONAL--NOMBRE DE PERSONA
Nombre de persona Ury, William
9 (RLIN) 63239
700 1# - PUNTO DE ACCESO ADICIONAL--NOMBRE DE PERSONA
Nombre de persona Patton, Bruce,
Término indicativo de función/relación ed.
9 (RLIN) 63240
700 1# - PUNTO DE ACCESO ADICIONAL--NOMBRE DE PERSONA
Nombre de persona Alba Guerra, Gerardo de,
Término indicativo de función/relación trad.
9 (RLIN) 63241
Existencias
Estado de retiro Estado de pérdida Restricciones de uso No para préstamo Código de colección Localización permanente Ubicación/localización actual Ubicación en estantería Fecha de adquisición Número de inventario Total de préstamos Signatura topográfica completa Código de barras Fecha visto por última vez Precio válido a partir de Tipo de ítem Koha
        Monografías: Libros y Folletos General General Orden iniciada 02.02.2012 LF1   36871-10 25.06.2020 25.06.2020 No se presta

Con tecnología Koha